000
00310nam a2200109Ia 4500
008
180205s9999 xx 000 0 und d
020
_a
9712328481
100
_a
Arrogante, Jose A.
245
_a
Pagbasa at pagsulat :
_b
Pangkolehiyo
260
_a
Recto Avenue City
_b
REX bookstore
_c
2000
300
_a
iii, 236 pages
999
_c
354780
_d
354780